Functional assessment of communication skills for adults (ASHA FACS) (Registro nro. 312941)

Detalles MARC
000 -ENCABEZADO
Número de control [NR] 01096nam a2200265 a 4500
001 - NÚMERO DE CONTROL
control field 4483223
005 - FECHA Y HORA DE LA ÚLTIMA TRANSACCIÓN
control field 20190718113326.0
008 - DE LONGITUD FIJA DE DATOS DE ELEMENTOS - INFORMACIÓN GENERAL
Elementos de longitud fija [NR] 190718s1995 mdua 000 0 eng
010 ## - NUMERO DE CONTROL DE LA BIBLIOTECA DEL CONGRESO (LC) [NR]
Número de control LC [NR] 96207753
020 ## - NUMERO INTERNACIONAL NORMALIZADO PARA LIBROS [R]
Número Internacional Normalizado del libro [NR] 0910329834
040 ## - FUENTE DE CATALOGACION [NR]
Agencia de catalogación original [NR] CO-BoUCM
Quien Cataloga Saul Niño
Idioma de catalogación [NR] spa
Quien Clasifica Saul Niño
060 ## - SIGNATURA TOPOGRAFICA DE LA BIBLIOTECA NACIONAL DE MEDICINA (NLM) [R]
Número clasificador [R] WL 340.2
245 00 - MENCION DE TITULO [NR]
Título [NR] Functional assessment of communication skills for adults (ASHA FACS)
Mención de responsabilidad, etc. [NR] Carol M. Frattali ... [et al.].
260 ## - PUBLICACION, DISTRIBUCION, ETC. (PIE DE IMPRENTA) [R]
Lugar de publicación, distribución, etc. [R] [Rockville]
Nombre del editor, distribuidor, etc. [R] American Speech-Language-Hearing Association
-- May be ordered from ASHA Fulfillment Operations
Fecha de publicación, distribución, etc. [R] 1995
300 ## - DESCRIPCION FISICA [R]
Extensión [R] 118 páginas
Material acompañante [NR] [Folleto de trabajo (13 hojas sueltas)]
500 ## - NOTA GENERAL [R]
Nota general [NR] [Folleto de trabajo con 13 hojas sueltas]
546 ## - NOTA DE IDIOMA [R]
Nota de idioma [NR] Texto en inglés
650 #7 - ASIENTO SECUNDARIO DE MATERIA - TERMINO TEMATICO [R]
Término temático o nombre geográfico como elemento de entrada [NR] Trastornos de la comunicación
Subdivisión general [R] Diagnóstico
9 (RLIN) 25753
650 #7 - ASIENTO SECUNDARIO DE MATERIA - TERMINO TEMATICO [R]
Término temático o nombre geográfico como elemento de entrada [NR] Trastornos del habla
Subdivisión general [R] Edad adulta
9 (RLIN) 25777
650 #7 - ASIENTO SECUNDARIO DE MATERIA - TERMINO TEMATICO [R]
Término temático o nombre geográfico como elemento de entrada [NR] Evaluación de la discapacidad
9 (RLIN) 15314
Subdivisión de forma [R] Formularios
700 1# - ASIENTO SECUNDARIO - NOMBRE PERSONAL [R]
Nombre personal [NR] Frattali, Carol
9 (RLIN) 97712
710 2# - ASIENTO SECUNDARIO - NOMBRE CORPORATIVO [R]
Nombre corporativo o de jurisdicción como elemento de entrada [NR] American Speech-Language-Hearing Association.
9 (RLIN) 75238
942 ## - ELEMENTOS DE ENTRADA AGREGADOS (KOHA)
Sistema de clasificación NLM
Tema principal Ciencias de la salud
Tipo de ítem principal el descrito en 300a Libro
Edición 1
Clasificación WL 340.2
Parte restante de la signatura top. F979a
Existencias
Fecha de último préstamo Total préstamos Total Renewals Signatura topográfica Código de barras Última vez visto Ejemplar Costo de reposición Price effective from Tipo de ítem Perdido Sistema de clasificación Dañado No prestable Tipo de ítem específico Suprimido Ubicación habitual Ubicación actual Localización Fecha de creación Proveedor Forma de adquisición Costo Volúmen / Fascículo
28/10/2024 12 15 WL 340.2 F979a 100162400 29/04/2026 Ej.1 697896.00 18/07/2019 Libro   NLM     Libro   Quinta de Mutis Quinta de Mutis 2do piso 18/07/2019 2 Compra 697896.00  
26/07/2019 3 6 WL 340.2 F979a 100162401 12/12/2025 Ej.1 0.00 18/07/2019 Libro   NLM     Folleto   Quinta de Mutis Quinta de Mutis 2do piso 18/07/2019 2 Compra 0.00 Folleto
29/04/2026 16 11 WL 340.2 F979a 100162539 06/05/2026 Ej.2 697896.00 25/07/2019 Libro   NLM     Libro   Quinta de Mutis Quinta de Mutis 2do piso 25/07/2019 2 Compra 697896.00  
      WL 340.2 F979a 100162540 12/12/2025 Ej.2 0.00 25/07/2019 Libro   NLM     Folleto   Quinta de Mutis Quinta de Mutis 2do piso 25/07/2019 2 Compra 0.00 Folleto